000 00555cam a2200145 4500500
005 20260322014009.0
041 _afre
042 _adc
100 1 0 _aGuidon-Le Brun, Maryvonne
_eauthor
245 0 0 _aMy company produces chemical waste classified as hazardous. How should it be managed?
260 _c2026.
500 _a61
786 0 _nChemical risk prevention manager | - | 2026-03-11 | p. 23-23
856 4 1 _uhttps://stm.cairn.info/chemical-risk-management-health-and-safety-at-work--bdti22743210-fic0302-page-23?lang=en&redirect-ssocas=7080
999 _c1785419
_d1785419